01104nam a2200193Ia 4500001001000000003001000010008004100020040002500061041001400086100002000100245011000120250001100230260009000241300002900331500020300360501011400563520020300677650003000880L220-4126IT-CnALBA170116s9999||||xx |||||||||||||| ||und|| aIT-CnALBAcIT-CnALBA aBILINGUE  aMOSÈ, PROFETA 0aSACRA SCRITTURA GIUSTA LA VOLGATA. VECCHIO TESTAMENTO LATINO E ITALIANO. LEVITICO NUMERI ESODO. TOMO II.  a1a ed. a GE LUGDUNIbOLZATI AGOST., STAMPERIA c1787 [1° Ed.:1787 - Ed.Ling.Originale: 1787] a662 p. (prefazione: 132) aVOLUME ILLUSTRATO. SPIEGAZIONI LETTERALI E SPIRITUALI TRATTE DAI SS. PADRI E AUTORI ECCLESIASTICI DA DON LUIGI ISACCO, LE MAISTRE DE SACY, TRADOTTE DAL FRANCESE. LIBRO DELL'ESODO, LEVITICO, NUMERI.  aSocietà San Paolo EM - Piazza San Paolo, 14 - 12051 ALBA (CN) (non commercial uses only) ® Copyright 2017 aVOLUME ILLUSTRATO. SPIEGAZIONI LETTERALI E SPIRITUALI TRATTE DAI SS. PADRI E AUTORI ECCLESIASTICI DA DON LUIGI ISACCO, LE MAISTRE DE SACY, TRADOTTE DAL FRANCESE. LIBRO DELL'ESODO, LEVITICO, NUMERI.  aBIBBIA - TESTI E COMMENTI